• 首页
  • 本馆介绍
  • 公告通知
  • 最新文献
  • 馆藏检索
  • 电子资源
  • 读者导购
  • 参考咨询
  • 我的图书馆
  • 登录
  • 详细信息显示
  • 放入我的书架
  • 预约/预借图书
  • 作者相关作品
  • 分类相关作品
  • 丛书相关作品
  • 出版社相关作品

书目信息

  • 表格格式
  • 工作单格式
  • 卡片格式
题名:
高品质课堂的理念与实践
    
 
作者: 于春吉 主编
分册:  
出版信息: 北京   中国轻工业出版社  2016.3
页数: 200页
开本: 24cm
丛书名:
单 册:
中图分类: G622.421
科图分类:
主题词: 课堂教学--教学研究--小学
电子资源:
ISBN: 978-7-5184-0300-4
000 00996nam0 2200253 45
001 012001000801
005 20140820091122.0
010    @a978-7-5184-0300-4@dCNY35.00
099    @aCAL 012016076640
100    @a20160513d2016 em y0chiy0110 ea
101 0  @achi
102    @aCN@b110000
105    @aak z 000yy
106    @ar
200 1  @a高品质课堂的理念与实践@Agao pin zhi ke tang de li nian yu shi jian@f于春吉主编
210    @a北京@c中国轻工业出版社@d2016.3
215    @a200页@c图@d24cm
300    @a全国教育科学“十二五”规划教育部规划课题 高品质课堂教学模式的理论与实践研究阶段成果 辽宁省教育科学“十二五”规划课题 高品质课堂背景下的小学生学习策略的实践研究
330    @a本书共分四个专题,专辑一,高品质课堂理论探索;专辑二,高品质课堂实践·文科;专辑三,高品质课堂实践·理科;专辑四,高品质课堂实施感悟。
606 0  @a课堂教学@x教学研究@x小学
690    @aG622.421@v5
701  0 @a于春吉@Ayu chun ji@4主编
801    @aCN@bAHXH@c20210922
905    @b1247240-4@dG622.421@e1353@f5
    
    高品质课堂的理念与实践/于春吉主编.-北京:中国轻工业出版社,2016.3
    200页:图;24cm
    全国教育科学“十二五”规划教育部规划课题 高品质课堂教学模式的理论与实践研究阶段成果 辽宁省教育科学“十二五”规划课题 高品质课堂背景下的小学生学习策略的实践研究
    
    ISBN 978-7-5184-0300-4:CNY35.00
    本书共分四个专题,专辑一,高品质课堂理论探索;专辑二,高品质课堂实践·文科;专辑三,高品质课堂实践·理科;专辑四,高品质课堂实施感悟。
●
相关链接 在E读中查询图书 在五车中查询图书 在当当中查询图书 在豆瓣中查询图书


正题名:高品质课堂的理念与实践     索取号:G622.421/1353         预约/预借

序号 登录号 条形码 馆藏地/架位号 状态 备注
1 1247240   212472402   第一样本阅览室/ [索取号:G622.421/1353] 在馆    
2 1247241   212472411   教育系资料室/ [索取号:G622.421/1353] 在馆    
3 1247242   212472420   教育系资料室/ [索取号:G622.421/1353] 在馆    
4 1247243   212472439   第四借阅区/ [索取号:G622.421/1353] 在馆    
5 1247244   212472448   第四借阅区/ [索取号:G622.421/1353] 在馆    
唐山师范学院图书馆 欢迎您!
大连网信软件有限公司© 版权所有